header

Paediatric obesity (Record no. 80892)

MARC details
000 -LEADER
fixed length control field 01112nam a2200301Ia 4500
100 1# - MAIN ENTRY--AUTHOR NAME
Personal name Pietrobelli, Angelo.
245 10 - TITLE STATEMENT
Title Paediatric obesity
250 ## - EDITION STATEMENT
Edition statement 1st ed.
260 ## - PUBLICATION, DISTRIBUTION, ETC. (IMPRINT)
Place of publication Torino :
Name of publisher SEEd,
Year of publication 2010.
300 ## - PHYSICAL DESCRIPTION
Number of Pages 75 p. :
Other physical details ill.
650 #0 - SUBJECT ADDED ENTRY--TOPICAL TERM
Topical Term Obesity in children.
Topical Term Overweight children.
856 40 - ELECTRONIC LOCATION AND ACCESS
Uniform Resource Identifier http://site.ebrary.com/lib/rucke/Doc?id=10572385

No items available.

© 2026 Rongo University
Contact us: librarian | system librarian | Rongo university